000 01051nam a22001817a 4500
999 _c59143
_d59143
003 Ge_BSU
005 20221130122311.0
008 221130s1981ge xxu||||| |||| 00| 0 geo d
041 _ageo
080 _a355.48(47+57)"1941-1945"(092)(479.22) + 94 ჯ-23
100 _aჯანჯღავა, ვლადიმერ, ავტორი.
_916241
245 _aერთგულება :
_b[დიდი სამამულო ომის მონაწილის მოგონებანი] /
_cვლადიმერ ჯანჯღავა, რედ.ჯ. ნანუკაშვილი.
264 _aთბილისი :
_bსაბჭ. საქართველო,
_c1981.
300 _a525 გვ. :
_bპორტრ. ;
_c22 სმ.
653 _a1939-1945 წლები -- მეორე მსოფლიო ომი. ქართველები მეორე მსოფლიო ომში.
700 _aნანუკაშვილი, ჯ
_eრედაქტორი
_916242
942 _2udc
_cBK